The food web of a tropical rain forest / (Registro nro. 837)
[ vista simple ]
| 000 -CABECERA | |
|---|---|
| Campo de control | 01444cam a2200325 a 4500 |
| 005 - FECHA Y HORA DE LA ULTIMA TRANSACCION | |
| Campo de control | 20160107092312.0 |
| 008 - ELEMENTOS DE LONGITUD FIJA—INFORMACION GENERAL | |
| Campo de control | 951113t1996 iluab grb 001 0 eng |
| 020 ## - ISBN | |
| ISBN | 0226705994 (cloth : alk. paper) |
| 020 ## - ISBN | |
| ISBN | 0226706001 (pbk. : alk. paper) |
| 040 ## - FUENTE DE CATALOGACIÓN | |
| Agencia catalogadora original | DLC |
| Agencia transcriptora | DLC |
| Agencia Modificadora | CO-BoIAVH |
| 041 ## - IDIOMA | |
| Código de idioma para texto/pista de sonido o título separado | Inglés |
| 043 ## - GEOGRAPHIC AREA CODE | |
| Geographic area code | nwpr--- |
| 082 00 - NUMERO DE CLASIFICACION DECIMAL DEWEY | |
| Número de clasificación | 574.52642 |
| Número del ítem | T37t |
| 245 04 - MENCION DE TITULO | |
| Título | The food web of a tropical rain forest / |
| Mención de responsabilidad | edited by Douglas P. Reagan and Robert B. Waide. |
| 260 ## - PUBLICACION, DISTRIBUCION, ETC. (PIE DE IMPRENTA) | |
| Lugar de publicación, distribución, etc. | Chicago : |
| Nombre del editor, distribuidor, etc. | University of Chicago Press, |
| Fecha de publicación, distribución, etc. | 1996. |
| 300 ## - DESCRIPCION FISICA | |
| Extensión | xi, 616 paginas. : |
| Otros detalles físicos | ilustraciones, mapas ; |
| Dimensiones | 24 x 15 cm. |
| 504 ## - NOTA DE BIBLIOGRAFIA, ETC. | |
| Nota de bibliografía | Includes bibliographical references (p. 523-600) and index. |
| 650 #0 - ASIENTO SECUNDARIO DE MATERIA - TERMINO TEMATICO | |
| Término temático o nombre geográfico como elemento de entrada | Food chains (Ecology) |
| Subdivisión geográfica | Puerto Rico |
| -- | Luquillo Experimental Forest. |
| 650 #0 - ASIENTO SECUNDARIO DE MATERIA - TERMINO TEMATICO | |
| Término temático o nombre geográfico como elemento de entrada | Rain forest ecology |
| Subdivisión geográfica | Puerto Rico |
| -- | Luquillo Experimental Forest. |
| 650 #6 - ASIENTO SECUNDARIO DE MATERIA - TERMINO TEMATICO | |
| Término temático o nombre geográfico como elemento de entrada | Cadena alimentaria |
| 650 #6 - ASIENTO SECUNDARIO DE MATERIA - TERMINO TEMATICO | |
| Término temático o nombre geográfico como elemento de entrada | Bosque húmedo |
| 650 #6 - ASIENTO SECUNDARIO DE MATERIA - TERMINO TEMATICO | |
| Término temático o nombre geográfico como elemento de entrada | Bosque tropical húmedo |
| 700 1# - ASIENTO SECUNDARIO - NOMBRE PERSONAL | |
| Nombre personal | Reagan, Douglas P. |
| 700 1# - ASIENTO SECUNDARIO - NOMBRE PERSONAL | |
| Nombre personal | Waide, Robert Bruce. |
| 856 42 - LOCALIZACION Y ACCESO ELECTRONICOS | |
| Especificación de los materiales | Publisher description |
| Identificador Uniforme del Recurso | http://www.loc.gov/catdir/description/uchi052/95050299.html |
| 856 41 - LOCALIZACION Y ACCESO ELECTRONICOS | |
| Especificación de los materiales | Table of contents |
| Identificador Uniforme del Recurso | http://www.loc.gov/catdir/toc/uchi051/95050299.html |
| 906 ## - LOCAL DATA ELEMENT F, LDF (RLIN) | |
| a | 7 |
| b | cbc |
| c | orignew |
| d | 1 |
| e | ocip |
| f | 19 |
| g | y-gencatlg |
| 942 ## - ELEMENTOS ADICIONALES (KOHA) | |
| Sistema de clasificación | Dewey Decimal Classification |
| Tipo de ítem | Libro |
| Withdrawn status | Lost status | Sistema de Clasificación | Damaged status | No para préstamo | Colección | Inventariado | Ubicación Permanente | Ubicación actual | Fecha de adquisición | Fuente de Valor | Valor | Total Checkouts | Número topográfico | Inventario / Código de Barras | Date last seen | Ejemplar | Price effective from | Tipo de material |
|---|---|---|---|---|---|---|---|---|---|---|---|---|---|---|---|---|---|---|
| Dewey Decimal Classification | General | Inventariado 2017 | Bogotá | Bogotá | 11/10/1998 | Instituto | 39000.00 | LB-574.52642 T37t | 001179 | 04/12/2012 | Ej. 1 | 04/12/2012 | Libro |